Textbook of enzymes / (Record no. 52436)

MARC details
000 -LEADER
fixed length control field 00460nam a2200181Ia 4500
005 - DATE AND TIME OF LATEST TRANSACTION
control field 20260429112121.0
008 - FIXED-LENGTH DATA ELEMENTS--GENERAL INFORMATION
fixed length control field 260429s9999||||xx |||||||||||||| ||und||
020 ## - INTERNATIONAL STANDARD BOOK NUMBER
International Standard Book Number 9788180300960
041 ## - LANGUAGE CODE
Language English
082 ## - DEWEY DECIMAL CLASSIFICATION NUMBER
Classification number 578
Item number SIN
100 ## - MAIN ENTRY--PERSONAL NAME
Personal name Singh, Shailendra
245 #0 - TITLE STATEMENT
Title Textbook of enzymes /
Statement of responsibility, etc Shailendra Singh
250 ## - EDITION STATEMENT
Edition statement 1st ed.
260 ## - PUBLICATION, DISTRIBUTION, ETC. (IMPRINT)
Place of publication, distribution, etc Srinagar :
Name of publisher, distributor, etc A. R. Enterprises,
Date of publication, distribution, etc 2024.
300 ## - PHYSICAL DESCRIPTION
Extent ix, 265 p.; hb
650 ## - SUBJECT ADDED ENTRY--TOPICAL TERM
Topical term or geographic name as entry element Enzymes
942 ## - ADDED ENTRY ELEMENTS (KOHA)
Koha item type Text Books
Holdings
Withdrawn status Lost status Damaged status Not for loan Collection code Home library Location Shelving location Date of Cataloging Source of acquisition Total Checkouts Full call number Barcode Date last seen Price effective from Koha item type
        Non-fiction CUTN Central Library CUTN Central Library Sciences 29/04/2026 TBH Library Book Suppliers, Chennai - Invoice No. SINV00732 on 09-02-2026   578 SIN 57516 29/04/2026 29/04/2026 Text Books